[Event "Titled Tuesday intern op 13th Sep Late"]
[Site "Chess.com INT"]
[Date "2022.09.13"]
[Round "2"]
[White "Barbosa, Evandro Amorim"]
[Black "Tari, Aryan"]
[Result "0-1"]
[WhiteElo "2481"]
[BlackElo "2656"]
[PlyCount "114"]
[EventDate "2022.09.13"]
[EventType "swiss (blitz)"]
[EventRounds "11"]
[EventCountry "USA"]
[SourceTitle "EXT 2023"]
[Source "ChessBase"]
[SourceDate "2022.10.05"]
[SourceVersion "1"]
[SourceVersionDate "2022.10.05"]
[SourceQuality "1"]

1. e4 c6 2. d4 d5 3. exd5 cxd5 4. c4 Nf6 5. Nc3 g6 6. cxd5 Nxd5 7. Qb3 Nb6 8. d5 Bg7 9. Be3 0-0 10. Rd1 Na6 11. Bxa6 bxa6 12. Nge2 a5 13. 0-0 Ba6 14. Rfe1 Rb8 15. Qc2 Nc4 16. Bc1 Qd7 17. Nd4 Bb7 18. Qe2 Bxd5 19. Ndb5 e6 20. Qxc4 Bxc4 21. Rxd7 Bxb5 22. Rxa7 Bxc3 23. bxc3 Ra8 24. Rxa8 Rxa8 25. Be3 Bc4 26. a3 Rb8 27. Rd1 Kg7 28. g4 Be2 29. Rd2 Bxg4 30. Bd4+ f6 31. f4 Bf3 32. Kf2 Bd5 33. c4 Bxc4 34. Rb2 Bb3 35. Rd2 a4 36. Bc3 Bd5 37. Rb2 Rc8 38. Bb4 Rc4 39. Ke3 Re4+ 40. Kd3 Rxf4 41. Rd2 Rf3+ 42. Ke2 Rh3 43. Ke1 g5 44. Rc2 Kg6 45. Kf1 h5 46. Kg1 h4 47. Rc7 Rb3 48. Rc3 Rb1+ 49. Kf2 Rb2+ 50. Ke3 Rxh2 51. Rc8 Rh3+ 52. Kd4 Rf3 53. Rf8 h3 54. Rg8+ Kf5 55. Rh8 Kg4 56. Kc5 Kg3 57. Be1+ Kg2 0-1